| 000 | 00704nam a2200205Ia 4500 | ||
|---|---|---|---|
| 003 | Ost | ||
| 005 | 20260507075659.0 | ||
| 008 | 260507s9999||||xx |||||||||||||| ||und|| | ||
| 020 | _a6326033977 | ||
| 040 | _cfsecg | ||
| 041 | _aara | ||
| 100 |
_aالناغى، محمود السيد _eمؤلف |
||
| 245 | 0 |
_aدراسات في نظرية المحاسبة و المعايير المحاسبية / _c محمود السيد الناغى |
|
| 260 |
_aالمنصورة: _bالمكتبة العصريةللنشر و التوزيع, _c2002 |
||
| 300 | _a274 صفحة؛ | ||
| 653 | _aمحاسبة | ||
| 653 | _aمعايير الحسابية | ||
| 653 | _aنظرية المحاسبة | ||
| 942 | _cكتاب | ||
| 999 |
_c45791 _d45791 |
||